000 00772nam a2200265Ia 4500
003 OSt
005 20220928121409.0
006 a|||||r|||| 00| 0
007 ta
008 220927b |||||||| |||| 00| 0 eng d
020 _c178.5
024 _a119804
037 _b148, 01/10/2013, Classic Book Service
_cTextual
040 _aSDCL
_cSDCL
_beng
041 _2eng
_aeng
082 _aC52, QO
100 _aBasu Prabir K
_9451918
245 0 _aElectromagnetic theory.
260 _aNew Delhi
_bAne Books Pvt.Ltd
_c2010
300 _axii;228p
_ccm.
650 _aI I C
700 _a Dhasmana Hrishikesh
_9451919
942 _hC52, QO
_cTEXL
_2CC
999 _c765915
_d765915